Greek Superleague Teams 2024-25 - Statistics

General Stats
  • This quiz has been taken 134 times
  • The average score is 10 of 14
Answer Stats
Teams % Correct
Panathinaikos AO
96%
PAOK Thessaloniki
94%
Olympiacos Piraeus
86%
Aris Thessalonikis
84%
OFI
73%
Asteras Tripolis
69%
Atromitos Athens
68%
Volos NFC
67%
Lamia 1964
66%
Levadiakos
64%
Panetolikos GFS
62%
Kallithea
60%
Panserraikos
55%
ΑΕΚ Athens
43%
No matching quizzes found
Score Distribution
Percent of People with Each Score
Percentile by Number Answered
Your Score History
You have not taken this quiz